000
00281nam a22001337a 4500
008
170421b xxu||||| |||| 00| 0 eng d
020
_a
9780632017690
041
_a
eng
080
_a
573
100
_a
11
101
_a
SHM
245
_a
PHYSIOLOGY
_c
SOUTH.G.R
942
_2
udc
_c
BK
999
_c
11462
_d
11462